000 00719nam a2200265Ia 4500
001 Para_5580
003 CHAP
008 220125s1997 xx 000 0 und d
010 _a204047
040 _cCHAP
082 _aPA 632.65182 W4
100 _aWhitehead, Alan G.
_9170079
245 _aPlant nematode control /
_c by A.G. Whitehead
260 _aOxon :
_b CABI Publishing
300 _a384 p.
650 _aNemátodos parásitos de plantas
650 _aNemátodos parásitos de plantas
_x control
_9169574
901 _aPA 632.65182 W4
902 _aA
905 _a0000001997 a 0000000000 00
910 _a1997
942 _cPARA
942 _cPARA
_d1
999 _c204047
_d204047